000 00751cab a2200253 4500
001 WB3132-43
008 090401t1995 xxu||||| |||| 00| 0 eng d
035 _a(Sirsi) u57337
041 _aeng
245 _aLeasehold sale of the century
260 _c1995
350 _a0
490 _aTimes
_v30 August 1995, 19(1)
520 _aSouth Kensington leaseholders are set to buy their freeholds in one of the biggest enfranchisement deals in London.
650 _aCHESTERFIELD
650 _aCLUTTONS
650 _aLANDLORD AND TENANT ACT 1987
650 _aLEASEHOLD REFORM ACT 1933
650 _aSMITHS CHARITY ESTATE
650 _aWELLCOME TRUST
690 _aLANDLORD AND TENANT-LEASEHOLD REFORM
942 _n0
948 _c04/03/1997
999 _c34948
_d34948